OS/JS programové vybavenie pre abecedné číslicové zobrazovacie jednotky EC-7906

Salvato in:
Dettagli Bibliografici
Natura: Libro
Lingua:slovacco
Pubblicazione: Bratislava Datasystém 1979
Edizione:2. vyd.
Tags: Aggiungi Tag
Nessun Tag, puoi essere il primo ad aggiungerne!!

MARC

LEADER 00000nam a2200000 4500
001 c141869
005 20041019155323.2
041 0 |a slo 
044 |a SK 
245 1 0 |a OS/JS  |b programové vybavenie pre abecedné číslicové zobrazovacie jednotky EC-7906 
250 |a 2. vyd. 
264 1 |a Bratislava  |b Datasystém  |c 1979 
300 |a 97 s.